Vida del M. R. P. Fr. Juan G. Arintero, Maestro en Sagrada Teología, de la Orden de Predicadores / (Record no. 148728)

MARC details
000 -LEADER
campo de control de longitud fija 00543nam a2200157 4500
001 - NÚMERO DE CONTROL
campo de control 148728
003 - IDENTIFICADOR DE NÚMERO DE CONTROL
campo de control ES-MaACL
005 - FECHA Y HORA DE LA ÚLTIMA TRANSACCIÓN
campo de control 20230906202758.0
007 - CAMPO FIJO DE DESCRIPCIÓN FÍSICA--INFORMACIÓN GENERAL
campo de control de longitud fija t|
008 - DATOS DE LONGITUD FIJA--INFORMACIÓN GENERAL
campo de control de longitud fija 070214s1936 sp r ||||1| spa d
100 1# - ENTRADA PRINCIPAL--NOMBRE DE PERSONA
Nombre de persona Suárez, Adriano.
9 (RLIN) 108537
245 10 - MENCIÓN DEL TÍTULO
Título Vida del M. R. P. Fr. Juan G. Arintero, Maestro en Sagrada Teología, de la Orden de Predicadores /
Mención de responsabilidad, etc. por el Padre Fr. Adriano Suárez, O. P.
260 ## - PUBLICACIÓN, DISTRIBUCIÓN, ETC.
Lugar de publicación, distribución, etc. Cádiz :
Nombre del editor, distribuidor, etc. [s. n.],
Fecha de publicación, distribución, etc. 1936 (
Fabricante Imp. de Salvador Repeto)
300 ## - DESCRIPCIÓN FÍSICA
Extensión 2 v. ;
Dimensiones 21 cm.
852 ## - LOCALIZACIÓN
Ubicación ES-MaACL
Número de control de estantería A-5209-10
Sublocalización o colección R.18181
Holdings
Estatus retirado Estado de pérdida Estado de daño No para préstamo Biblioteca de origen Biblioteca actual Ubicación en estantería Fecha de adquisición Fuente de adquisición Total de préstamos Signatura topográfica completa Código de barras Visto por última vez Precio de reemplazo Tipo de ítem Koha
        Biblioteca del Ateneo de Madrid Biblioteca del Ateneo de Madrid Sala Pecera Planta 1 17/01/2008     A-5209-10 1155208 23/02/2023 23/02/2023 Libro impreso